Luyện dịch Hoa Việt - Việt Hoa

সংরক্ষণ করুন:
গ্রন্থ-পঞ্জীর বিবরন
প্রধান লেখক: Trần, Thị Thanh Liêm
অন্যান্য লেখক: Trần, Hoài Thu
বিন্যাস: গ্রন্থ
ভাষা:Vietnamese
প্রকাশিত: Hà Nội Văn hóa thông tin 2013
বিষয়গুলি:
ট্যাগগুলো: ট্যাগ যুক্ত করুন
কোনো ট্যাগ নেই, প্রথমজন হিসাবে ট্যাগ করুন!
Thư viện lưu trữ: Trung tâm Học liệu Lê Vũ Hùng, Trường Đại học Đồng Tháp
LEADER 00890pam a22002658a 4500
001 00040880
005 20180124150157.0
008 150825s2015 ||||||viesd
020 # # |c 70000 
041 0 # |a vie - Chi 
082 1 4 |a 495.1  |b L527D 
100 1 # |a Trần, Thị Thanh Liêm 
245 1 0 |a Luyện dịch Hoa Việt - Việt Hoa  |c Trần Thị Thanh Liêm; Trần Hoài Thu 
260 # # |a Hà Nội  |b Văn hóa thông tin  |c 2013 
300 # # |a 378tr.  |c 21 cm. 
500 # # |a ĐTTS ghi: Trường Đại học Hà Nội 
653 # # |a Luyện dịch 
653 # # |a Ngôn ngữ 
653 # # |a Tiếng hoa 
653 # # |a Tiếng việt 
653 # # |a tự học 
700 1 # |a Trần, Hoài Thu 
852 # # |j KM.0024123  |j KD.0023117 
910 0 # |a kchi  |d 24/01/2018 
980 # # |a Trung tâm Học liệu Lê Vũ Hùng, Trường Đại học Đồng Tháp